Derecho y Literatura. Textos y contextos
Tallennettuna:
| Päätekijä: | |
|---|---|
| Aineistotyyppi: | Kirja |
| Kieli: | espanja |
| Julkaistu: |
Buenos Aires, Argentina.
EUDEBA,
2015
|
| Sarja: | Textos
|
| Aiheet: | |
| Linkit: | Disponible Online - Cap 6 pp 135-151 |
| Tagit: |
Lisää tagi
Ei tageja, Lisää ensimmäinen tagi!
|
MARC
| LEADER | 00000cam a2200000 a 4500 | ||
|---|---|---|---|
| 001 | UCB0159 | ||
| 003 | CL-VaPUC | ||
| 005 | 20210913091258.0 | ||
| 008 | 191213e20150000ag spa d | ||
| 999 | |c 376360 |d 376358 | ||
| 020 | |a 9789502325194 | ||
| 040 | |c Pontificia Universidad Católica de Valparaíso | ||
| 082 | 0 | 4 | |a 340.1 ROG 2015 |2 21 |
| 100 | 1 | |a Roggero, Jorge |e compilador |9 605494 | |
| 245 | 1 | 0 | |a Derecho y Literatura. |b Textos y contextos |
| 260 | |a Buenos Aires, Argentina. |b EUDEBA, |c 2015 | ||
| 300 | |a 270 páginas | ||
| 440 | |a Textos |9 859911 | ||
| 583 | |a last modification |c 20191213 11:48:00 |k Rodrigo Vera | ||
| 583 | |k Sandra Vasquez |c 20200310 | ||
| 650 | 0 | 0 | |a Derecho y sociedad |9 255963 |
| 650 | 0 | 0 | |a Literatura y sociedad |2 CL-VaPUC |9 265230 |
| 650 | 0 | 0 | |a Filosofía del derecho |9 255050 |
| 856 | |u http://bibliografiadigital.pucv.cl.pucv.idm.oclc.org/index.php/bibliotecapucv/catalog/book/182 |y Disponible Online - Cap 6 pp 135-151 | ||
| 942 | |c BK |2 ddc | ||
| 945 | |a dcastane |d 20191213 11:48:00 | ||
| 952 | |0 0 |1 0 |2 ddc |4 0 |6 340_100000000000000_ROG_2015 |7 0 |8 A |9 494947 |a BIBEDU |b BIBEDU |d 2019-12-09 |e 2 |g 73919.00 |i 5567483 |l 3 |o 340.1 ROG 2015 |p 5567483 |r 2021-07-01 |s 2021-06-07 |t 1 |v 73919.00 |w 2019-12-09 |y BK |k LIT | ||